ENGINEERING CHEMISTRY (Record no. 5585)

MARC details
000 -LEADER
fixed length control field 00380nam a22001577a 4500
005 - DATE AND TIME OF LATEST TRANSACTION
control field 20170916130637.0
008 - FIXED-LENGTH DATA ELEMENTS--GENERAL INFORMATION
fixed length control field 170916b xxu||||| |||| 00| 0 eng d
020 ## - INTERNATIONAL STANDARD BOOK NUMBER
ISBN 81-239-0766-4
041 ## - LANGUAGE CODE
Language code of text/sound track or separate title eng
082 ## - DEWEY DECIMAL CLASSIFICATION NUMBER
Classification number 604.2
100 ## - MAIN ENTRY--AUTHOR NAME
Personal name BHATIA, S.C.
245 ## - TITLE STATEMENT
Title ENGINEERING CHEMISTRY
260 ## - PUBLICATION, DISTRIBUTION, ETC. (IMPRINT)
Place of publication NEW DELHI
Name of publisher CBS PUBLISHING AND DISTRIBUTERS
300 ## - PHYSICAL DESCRIPTION
Number of Pages 881p.
942 ## - ADDED ENTRY ELEMENTS (KOHA)
Koha item type Books
Holdings
Lost status Damaged status Home library Current library Shelving location Date acquired Source of acquisition Cost, normal purchase price Full call number Accession Number Koha item type
    JRU Library   SHELF-34-M 16/09/2017 PURCHESS 395.00 604.2 21978 Books